[Event "FIDE Moscow Grand Prix 2017"]
[Site "Moscow"]
[Date "2017.05.16"]
[Round "5"]
[White "Giri, Anish"]
[Black "Nakamura, Hikaru"]
[Result "1/2-1/2"]
[WhiteElo "2785"]
[BlackElo "2786"]
[Annotator "TA"]
[PlyCount "53"]
[EventDate "2017.??.??"]
[EventType "tourn"]
[EventCountry "RUS"]
[SourceTitle "playchess.com"]
[Source "ChessBase"]
[SourceQuality "1"]

{[%evp 21,53,2,16,0,0,0,23,10,29,4,10,0,48,47,44,44,32,-16,48,33,63,54,54,54,54,55,49,58,61,-15,-15,-15,-15,-16]} 1. e4 e5 2. Nf3 Nc6 3. Bc4 Bc5 4. O-O Nf6 5. d3 d6 6. c3 a6 7. Re1 O-O 8. h3 Ba7 9. Bb3 Re8 10. Nbd2 {[%cal Bb1d2,Bd2f1,Bf1g3][%mdl 32]} Be6 11. Bc2 h6 12. Nf1 {C54: Giuoco Piano: 4 c3 Nf6, main lines with 5 d4 and 5 d3} d5 (12... Ne7 13. d4 Ng6 14. Ng3 c6 15. Be3 Qc7 16. Qd2 Rad8 17. Rad1 b5 18. b3 Bb6 19. Qc1 Bc8 {½-½ (58) Anand,V (2779)-Nakamura,H (2779) Saint Louis 2016}) 13. exd5 Bxd5 14. Ng3 {White has an edge.} Qd7 15. Be3 (15. b4 {is interesting.} b5 16. a4 Rad8 17. Nh4 Bb6 18. Bd2) 15... Bxe3 16. Rxe3 Re7 17. Nh4 g6 18. c4 Be6 {[#]} 19. Qf3 $146 ({Predecessor:} 19. Ba4 b5 20. Qf3 {1-0 (46) Degraeve,J (2580)-Arnaudov,P (2486) La Fere 2012}) 19... Kg7 (19... Nh7 $1 $11 20. Ba4 Ng5) 20. Ba4 $14 Qd4 21. Bxc6 bxc6 22. Qxc6 {[#] And now Nxg6 would win.} Rae8 23. Nf3 Qxb2 24. Rae1 Qxa2 25. Nxe5 (25. Qc5 $1 $14) 25... Bd5 $11 26. cxd5 Rxe5 $1 27. Rxe5 {Precision: White = 60%, Black = 63%.} 1/2-1/2

[Event "FIDE Moscow Grand Prix 2017"]
[Site "Moscow"]
[Date "2017.05.16"]
[Round "5"]
[White "Mamedyarov, Shakhriyar"]
[Black "Ding, Liren"]
[Result "1/2-1/2"]
[WhiteElo "2772"]
[BlackElo "2773"]
[Annotator "TA"]
[PlyCount "29"]
[EventDate "2017.??.??"]
[EventType "tourn"]
[EventCountry "RUS"]
[SourceTitle "playchess.com"]
[Source "ChessBase"]
[SourceQuality "1"]

{[%evp 10,29,24,0,18,20,17,14,27,27,19,17,20,0,18,10,13,0,6,0,-14,-31]} 1. d4 Nf6 2. c4 e6 3. Nc3 Bb4 4. Nf3 O-O 5. Qc2 d5 6. Bg5 {LiveBook: 43 Games} h6 {E32: Nimzo-Indian: Classical (4 Qc2): 4...0-0} 7. Bxf6 Qxf6 8. a3 Bxc3+ $1 9. Qxc3 c6 (9... dxc4 10. Qxc4 Bd7 11. e3 Rc8 12. Qb4 Bc6 13. Be2 Bd5 14. Rc1 {½-½ (41) So,W (2770)-Aronian,L (2792) Leuven 2016}) 10. e3 {The position is equal.} Nd7 11. Rd1 $146 ({Predecessor:} 11. Be2 dxc4 12. Bxc4 b6 13. O-O Bb7 14. Rac1 {½-½ (61) Bocharov,D (2611)-Oparin,G (2617) Novosibirsk 2016}) 11... dxc4 12. Bxc4 b6 13. O-O Bb7 14. e4 Rfd8 15. e5 1/2-1/2

[Event "FIDE Moscow Grand Prix 2017"]
[Site "Moscow"]
[Date "2017.05.16"]
[Round "5"]
[White "Svidler, Peter"]
[Black "Radjabov, Teimour"]
[Result "1/2-1/2"]
[WhiteElo "2755"]
[BlackElo "2710"]
[Annotator "TA"]
[PlyCount "61"]
[EventDate "2017.??.??"]
[EventType "tourn"]
[EventCountry "RUS"]
[SourceTitle "playchess.com"]
[Source "ChessBase"]
[SourceQuality "1"]

{[%evp 16,61,0,0,6,0,0,0,0,0,0,0,67,42,34,26,62,37,40,38,90,93,188,189,148,55,62,53,64,64,61,58,57,57,51,52,45,25,49,55,37,47,48,28,17,21,24,6]} 1. c4 e6 2. Nc3 d5 3. d4 Nf6 4. cxd5 Nxd5 5. e4 Nxc3 6. bxc3 c5 7. Rb1 Be7 {D35: Queen's Gambit Declined: Exchange Variation} 8. Nf3 (8. Bb5+ Bd7 9. Bxd7+ Qxd7 10. d5 exd5 11. exd5 O-O 12. Nf3 Bf6 13. O-O b5 14. Bf4 Bxc3 15. Qd3 {½-½ (48) Aronian,L (2785)-Vallejo Pons,F (2709) Sharjah 2017}) 8... O-O 9. Bc4 {LiveBook: 3 Games} Nc6 {The position is equal.} 10. O-O b6 11. Bf4 $146 ({Predecessor:} 11. Be3 Bb7 12. dxc5 Na5 13. Bd3 bxc5 14. Qe2 Qc7 15. Nd2 {0-1 (40) Jochens,A (2274)-Levin,F (2503) Germany 2015}) 11... Bb7 12. Re1 cxd4 13. cxd4 Nb4 ({Black should play} 13... Bb4 $11 14. Bg5 Be7 15. Bxe7 Qxe7) 14. Qd2 Nc6 15. d5 $36 {[%mdl 2048] White is pushing.} Na5 16. Bb5 exd5 17. exd5 {Strongly threatening d6.} Bc5 {[#]} (17... Bd6 $1 $14) 18. Rbd1 $1 $16 Bd6 (18... a6 $16 19. Bf1 Qf6) 19. Ne5 $18 a6 {[#]} 20. Bf1 ({White should try} 20. Bd3 $1 $16) 20... Rc8 $14 21. Nc6 Bxf4 22. Qxf4 Bxc6 23. dxc6 Qc7 24. Rd6 Nxc6 25. Rc1 Qb8 26. Bxa6 Ne5 {White must now prevent ...Rxc1+.} 27. Rcd1 Rc5 28. Qb4 Nc6 $1 {[%cal Rc6b4]} 29. Qb2 Rd8 30. Rxd8+ Nxd8 31. Rb1 {Precision: White = 65%, Black = 64%.} (31. Bc4 $5) 1/2-1/2

[Event "FIDE Moscow Grand Prix 2017"]
[Site "Moscow"]
[Date "2017.05.16"]
[Round "5"]
[White "Nepomniachtchi, Ian"]
[Black "Gelfand, Boris"]
[Result "1/2-1/2"]
[WhiteElo "2751"]
[BlackElo "2724"]
[Annotator "TA"]
[PlyCount "91"]
[EventDate "2017.??.??"]
[EventType "tourn"]
[EventCountry "RUS"]
[SourceTitle "playchess.com"]
[Source "ChessBase"]
[SourceQuality "1"]

{[%evp 10,91,20,14,14,0,4,10,10,10,5,8,19,9,10,8,11,9,16,0,0,0,0,0,0,0,0,0,2,-4,0,0,0,0,0,0,0,0,0,0,0,0,0,0,0,0,0,0,16,16,16,15,15,9,8,8,21,0,0,0,0,0,10,9,16,21,21,21,21,18,23,23,20,24,39,0,5,7,7,8,12,0,0,0]} 1. e4 c5 2. Nf3 Nc6 3. Bb5 g6 4. O-O Bg7 5. Nc3 d6 6. e5 (6. d4 $5) 6... dxe5 {B31: Sicilian: 2...Nc6 3 Bb5 g6} 7. Bxc6+ bxc6 8. Re1 Qc7 9. d3 c4 10. h3 Be6 (10... cxd3 11. cxd3 Be6 12. Qa4 Nf6 13. Nxe5 Rc8 14. Bf4 {1-0 (44) Vitiugov,N (2718)-Huzman,A (2567) Novi Sad 2016}) 11. Qe2 {[%cal Rf3e5]} cxd3 12. cxd3 {[%cal Rf3e5]} Nf6 13. Nxe5 Nd5 $146 ({Predecessor:} 13... O-O 14. b3 Nd5 15. Na4 c5 16. Ba3 Rac8 17. Rad1 Qb8 18. d4 cxd4 19. Rxd4 {½-½ (19) Fleury,F (2344)-Doderer,H (2449) Remote email 2013}) 14. Na4 Bxe5 15. Qxe5 Qxe5 16. Rxe5 Bf5 17. Nc5 f6 18. Re2 Kf7 19. d4 (19. g4 $5 {[%cal Rg4f5]} Bc8 20. b3 $11) 19... g5 (19... Nb4 $5 {[%cal Rb4c2]}) 20. Bd2 Rab8 21. b3 h5 22. Rc1 Rhd8 23. Rce1 Re8 24. Kh2 Rg8 25. Rc1 Rgd8 26. Ba5 Rg8 27. Rc4 Nb6 28. Rb4 Nd7 (28... g4 {with more complications.} 29. h4 Rgd8 30. Na6 Rb7 31. Nc5 Rbb8) 29. Nxd7 Bxd7 30. Rc4 Rgc8 31. Bc3 Rb7 32. Bb2 Be6 (32... Bf5 $5 {[%cal Rf5d3]}) 33. Rc5 Rb5 34. Rec2 Bf5 35. R2c4 Rxc5 36. Rxc5 $11 {[%mdl 4096] Endgame KRB-KRB} Bb1 37. Ra5 Rc7 38. h4 gxh4 39. Kh3 Kg6 40. Kxh4 Rd7 41. Bc3 Be4 42. Kh3 Bd3 {The position is equal.} 43. f3 a6 44. Rc5 Rd6 45. Kh4 Re6 46. d5 {Precision: White = 77%, Black = 79%.} 1/2-1/2

[Event "FIDE Moscow Grand Prix 2017"]
[Site "Moscow"]
[Date "2017.05.16"]
[Round "5"]
[White "Harikrishna, Pentala"]
[Black "Adams, Michael"]
[Result "1-0"]
[WhiteElo "2750"]
[BlackElo "2747"]
[Annotator "TA"]
[PlyCount "101"]
[EventDate "2017.??.??"]
[EventType "tourn"]
[EventCountry "RUS"]
[SourceTitle "playchess.com"]
[Source "ChessBase"]
[SourceQuality "1"]

{[%evp 16,101,19,0,10,0,7,4,18,17,14,10,27,18,11,16,23,45,35,27,19,16,19,12,18,0,18,6,39,42,49,58,63,58,63,68,77,66,74,74,79,79,67,67,78,72,76,77,78,77,129,122,184,176,182,181,176,182,167,170,211,142,150,94,87,82,87,72,107,109,178,205,189,203,203,189,189,177,254,261,264,263,324,324,324,324,324,324]} 1. d4 Nf6 2. c4 e6 3. Nc3 d5 4. cxd5 exd5 5. Bg5 c6 6. e3 h6 7. Bh4 Be7 8. Bd3 Nbd7 {D35: Queen's Gambit Declined: Exchange Variation} 9. f3 {LiveBook: 3 Games} (9. Nge2 Nh5 10. Bxe7 Qxe7 11. Qd2 Nb6 12. f3 Bd7 13. O-O O-O 14. g4 Nf6 15. Ng3 Ne8 16. Rae1 {1-0 (43) Mamedyarov,S (2766)-Adams,M (2751) Sharjah 2017}) 9... O-O 10. Nge2 b5 {The position is equal.} 11. O-O Nb6 12. Bf2 a5 $146 ({Predecessor:} 12... b4 13. Na4 Nxa4 14. Qxa4 Bd7 15. Qc2 Qa5 16. Nc1 Qc7 17. Nb3 Bd6 18. h3 {1-0 (48) Sieciechowicz,M (2462)-Jaroch,K (2241) Kowalewo Pomorskie 2013}) 13. Ng3 b4 14. Nce2 c5 15. dxc5 Bxc5 16. Rc1 Nbd7 17. Nd4 Qb6 18. Re1 Re8 19. Bb1 a4 20. Qc2 Ra5 21. Nge2 {[%cal Bg3e2,Be2f4,Bf4d3,Bd3e5][%mdl 32]} Nf8 22. Nf4 Bd7 23. Nd3 Bd6 24. Bg3 Bxg3 25. hxg3 Rc8 26. Qd2 Rb8 27. g4 Ne6 28. Ne5 Rc5 29. Nxe6 Rxc1 30. Rxc1 Qxe6 31. Qd4 Qd6 32. Nd3 Ne8 (32... Be6 $142) 33. Rc5 $16 Rb5 (33... Bb5 $16 {was necessary.}) 34. Rxb5 $18 Bxb5 35. Qxb4 Qa6 36. Nc5 Qc6 37. Bf5 Nf6 38. b3 axb3 39. Nxb3 $40 {[%mdl 128] White is out for blood.} ({White should play} 39. axb3 g6 40. Bc2) 39... g6 $16 {[#]} 40. Bb1 $1 Nd7 41. Kf2 Bc4 42. Na5 Qc7 (42... Qf6 $16) 43. Nxc4 $18 dxc4 44. a4 Nb6 45. Bc2 Nd5 46. Qd2 Qc6 (46... Nf6 $142 47. Qc3 Nd7) 47. Be4 {White has a decisive advantage.} c3 {[#]} 48. Qd1 $1 ({Don't go for} 48. Qxd5 $2 Qxd5 49. Bxd5 c2 $19) 48... Qb7 49. Kg1 (49. Bxd5 Qb2+ 50. Kg3 c2 $11) 49... c2 50. Qxc2 Qb4 51. Qb1 {Precision: White = 75%, Black = 66%.} ({Inferior is} 51. Bxd5 Qe1+ 52. Kh2 Qh4+ 53. Kg1 Qe1+ 54. Kh2 Qh4+ 55. Kg1 Qe1+ $11) 1-0

[Event "FIDE Moscow Grand Prix 2017"]
[Site "Moscow"]
[Date "2017.05.16"]
[Round "5"]
[White "Vallejo Pons, Francisco"]
[Black "Inarkiev, Ernesto"]
[Result "1/2-1/2"]
[WhiteElo "2710"]
[BlackElo "2727"]
[Annotator "TA"]
[PlyCount "128"]
[EventDate "2017.??.??"]
[EventType "tourn"]
[EventCountry "RUS"]
[SourceTitle "playchess.com"]
[Source "ChessBase"]
[SourceQuality "1"]

{[%evp 13,128,27,34,9,14,8,6,0,10,5,10,10,10,10,10,18,13,12,36,36,41,28,28,28,33,33,34,34,26,31,38,24,25,0,0,0,0,0,0,0,0,0,0,0,0,0,0,0,0,0,0,0,0,0,0,-5,-5,-5,0,0,0,0,0,0,0,-8,-8,-8,-8,-8,-8,-8,-7,-8,0,-14,-18,-26,-18,-25,-30,-20,0,-8,0,0,0,0,0,0,0,0,0,0,0,0,0,0,0,0,0,0,0,0,0,0,0,0,0,0,0,0,0,-14,-9,-14,-10]} 1. c4 e5 2. g3 Nf6 3. Bg2 c6 {[%cal Bc7c6,Bc6d5,Bd5d4,Bd4d3][%mdl 32]} 4. d4 exd4 5. Qxd4 d5 6. Nf3 Be6 {A20: English Opening: 1...e5} 7. cxd5 cxd5 {LiveBook: 38 Games} 8. Be3 (8. O-O Nc6 9. Qd3 h6 10. a3 Be7 11. Nc3 O-O 12. Rd1 Rc8 13. Bf4 Re8 14. Rac1 {1-0 (32) Kovalyov,A (2617)-Kovalenko,I (2651) Baku 2016}) 8... Nc6 9. Qa4 Bb4+ 10. Nbd2 $146 ({Predecessor:} 10. Nc3 O-O 11. O-O Bxc3 12. bxc3 Ne4 13. Rac1 Rc8 14. Rfd1 {0-1 (31) Kaid,A (2247)-Hanley,C (2359) Dos Hermanas 2003}) 10... O-O 11. O-O d4 12. Bg5 $1 h6 13. Bxf6 Qxf6 14. Ne4 Qf5 15. a3 {[%cal Ba2a3,Ba3b4,Bb4b5][%mdl 32]} Qxe4 (15... Be7 $5 {[%cal Rf5e4]} 16. Nxd4 Nxd4 17. Qxd4 Rfd8 $11) 16. axb4 {Hoping for b5.} d3 17. b5 Qxa4 18. Rxa4 dxe2 19. Re1 Ne7 ({Not} 19... Bb3 $2 20. Ra3 $18) 20. Nd4 Bd5 21. Rxe2 Bxg2 22. Kxg2 Rfe8 23. Nf3 Kf8 24. Ne5 Red8 25. Rc4 {[#] Threatens to win with Rc7.} f6 26. Nf3 Rd7 27. b3 Rad8 28. Ra2 Nc8 29. h4 h5 30. Rac2 Nb6 31. Rc5 Nd5 32. Ra2 b6 33. Rc4 Ne7 34. Rf4 Kg8 35. Raa4 Nd5 36. Rfc4 a5 37. Rc6 Kf7 38. Rd4 Ke8 39. Rdc4 Rd6 40. Nd4 {Strongly threatening Ne6.} Ne7 41. Rxd6 Rxd6 $11 {[%mdl 4096] Endgame KRN-KRN} 42. Kf3 Kd7 43. Ke4 g6 44. f4 Rd5 45. b4 $1 axb4 46. Rxb4 Rc5 47. Kd3 Rc1 {The position is equal.} 48. Ra4 Rg1 49. Ne2 Rd1+ 50. Kc2 Re1 51. Kd2 Rb1 52. Ra7+ Ke6 53. Nd4+ Kd6 54. Rb7 Nd5 55. f5 gxf5 (55... g5 {looks sharper.} 56. hxg5 fxg5 57. f6 Rf1 58. f7 h4) 56. Nxf5+ Ke5 57. Ng7 Rxb5 58. Nxh5 Ke4 59. Kc1 Rc5+ 60. Kb2 f5 61. Rf7 Rb5+ 62. Kc1 Rb3 63. Ng7 Rxg3 {[#] White must now prevent ...f4.} 64. Nxf5 Rh3 {Precision: White = 82%, Black = 80%.} 1/2-1/2

[Event "FIDE Moscow Grand Prix 2017"]
[Site "Moscow"]
[Date "2017.05.16"]
[Round "5"]
[White "Tomashevsky, Evgeny"]
[Black "Hammer, Jon Ludvig"]
[Result "1/2-1/2"]
[WhiteElo "2696"]
[BlackElo "2621"]
[Annotator "TA"]
[PlyCount "40"]
[EventDate "2017.??.??"]
[EventType "tourn"]
[EventCountry "RUS"]
[SourceTitle "playchess.com"]
[Source "ChessBase"]
[SourceQuality "1"]

{[%evp 12,40,20,0,-5,8,9,-6,0,-8,-5,-10,-6,-12,7,-16,0,-10,0,0,0,-4,-13,-17,0,0,48,48,48,48,46]} 1. c4 e5 2. Nc3 Bb4 3. Nd5 Bc5 4. Nf3 c6 5. Nc3 d6 6. e3 {A21: English Opening: 1...e5 2 Nc3} Bb4 (6... Qe7 7. d4 exd4 8. Nxd4 Nf6 9. Be2 O-O 10. O-O d5 11. cxd5 cxd5 12. Nb3 Bb4 13. Nxd5 Nxd5 14. Qxd5 {½-½ (28) Nepomniachtchi,I (2767)-Carlsen,M (2840) Wijk aan Zee 2017}) 7. Qb3 {LiveBook: 3 Games} Ba5 8. Be2 {The position is equal.} Nf6 {[%cal Bg8f6,Bf6e4,Be4d2][%mdl 32]} 9. d3 $146 ({Predecessor:} 9. d4 Qe7 10. O-O O-O 11. Qa3 Bxc3 12. Qxc3 e4 {1-0 (40) Shankland,S (2648)-Haug,J (2267) Fagernes 2016}) 9... e4 10. dxe4 Nxe4 11. Bd2 Nxd2 12. Nxd2 Na6 13. Rc1 Bf5 14. Qd1 Nc5 15. O-O Qb6 16. Nb3 Nxb3 17. axb3 Rd8 18. Ra1 O-O 19. Nd5 $1 {[%cal Rd5b6]} cxd5 20. Qxd5 Qxb3 {Precision: White = 54%, Black = 54%.} 1/2-1/2

[Event "FIDE Moscow Grand Prix 2017"]
[Site "Moscow"]
[Date "2017.05.16"]
[Round "5"]
[White "Hou, Yifan"]
[Black "Grischuk, Alexander"]
[Result "0-1"]
[WhiteElo "2652"]
[BlackElo "2750"]
[Annotator "TA"]
[PlyCount "78"]
[EventDate "2017.??.??"]
[EventType "tourn"]
[EventCountry "RUS"]
[SourceTitle "playchess.com"]
[Source "ChessBase"]
[SourceQuality "1"]

{[%evp 26,78,8,0,10,2,8,0,0,-25,7,-14,-20,-40,-26,-41,-22,-46,-28,-87,-73,-53,-53,-61,-64,-70,0,-56,0,-60,-55,-59,-47,-226,-227,-208,0,-68,0,-216,-213,-216,-212,-414,-413,-377,-301,-502,-480,-477,-474,-460,-460,-517,-516]} 1. e4 c5 2. Nf3 d6 3. d4 cxd4 4. Nxd4 Nf6 5. Nc3 a6 6. g3 e5 7. Nb3 Be7 8. Bg2 O-O 9. O-O b5 10. a4 {B91: Sicilian Najdorf: 6 g3} b4 11. Nd5 Nxd5 12. Qxd5 Ra7 13. Be3 Be6 14. Qd3 {LiveBook: 11 Games} Ra8 (14... Rb7 15. Rfc1 Qc7 16. c3 Bc4 17. Qc2 Be6 {1-0 (35) Ponomariov,R (2734)-Safarli,E (2620) Istanbul 2012}) 15. f4 Qc7 16. Nd2 $146 ({Predecessor:} 16. Rfc1 Nd7 17. c3 Qb8 {½-½ (29) Leemans,R (2348)-Muzyka,Y (2390) ICCF email 2007}) 16... a5 17. Rf2 f6 18. f5 Bf7 19. Rc1 Na6 20. c4 bxc3 (20... Nc5 $5 {[%cal Rc5d3]} 21. Qc2 b3 $1 {[%mdl 512]} 22. Nxb3 Nxa4 $15) 21. Qxc3 Qb8 22. Rff1 (22. Nc4 $11 {keeps the balance.}) 22... Nb4 {And now ...Na2 would win.} 23. Qc7 Qe8 24. Qb7 Rb8 25. Qa7 Ra8 26. Qb7 $1 Rb8 (26... d5 $5 27. exd5 Rb8 $15) 27. Qa7 $1 d5 $36 {[%mdl 2048] Black fights for an advantage.} 28. exd5 Nxd5 29. Bc5 $2 (29. Bxd5 $15 Bxd5 30. Qxa5 (30. Rc7 Rf7 $17)) 29... Ra8 $1 $19 {[%cal Ra8a7]} ({Don't do} 29... Rxb2 30. Bxd5 Bxd5 31. Qxe7 $17) 30. Qb7 {[#]} Rb8 ({Black should try} 30... Bxc5+ $1 $19 31. Rxc5 Rb8) 31. Qa7 $15 {aiming for Bxd5.} Ra8 (31... Rxb2 $15 32. Bxd5 Bxd5 33. Qxe7 Rxd2) 32. Qb7 $19 {[#]} Bxc5+ $1 33. Rxc5 Rb8 34. Qxf7+ $2 (34. Qa7 {keeps fighting.} Ne3 35. Rf2) 34... Rxf7 ({Don't play} 34... Kxf7 35. Bxd5+ Ke7 36. Rc7+ Kd6 37. Bc6 $19) 35. Bxd5 Kh8 36. Rfc1 $2 (36. Bxf7 Qxf7 37. Rxa5) 36... Rd7 {Black is clearly winning.} 37. Bc6 Qd8 38. Bxd7 Qxd7 39. Ne4 h5 {Precision: White = 27%, Black = 57%.} 0-1

[Event "FIDE Moscow Grand Prix 2017"]
[Site "Moscow"]
[Date "2017.05.18"]
[Round "6"]
[White "Nakamura, Hikaru"]
[Black "Nepomniachtchi, Ian"]
[Result "1-0"]
[WhiteElo "2786"]
[BlackElo "2751"]
[Annotator "TA"]
[PlyCount "69"]
[EventDate "2017.??.??"]
[EventType "tourn"]
[EventCountry "RUS"]
[SourceTitle "playchess.com"]
[Source "ChessBase"]
[SourceQuality "1"]

{[%evp 16,69,23,22,25,31,34,43,26,0,21,-10,17,17,126,97,110,104,119,115,114,107,95,102,105,119,191,199,181,161,180,102,95,102,104,105,111,91,347,216,225,208,275,267,392,375,339,188,196,186,237,165,411,404,885,867]} 1. e4 c5 2. Nf3 d6 3. d4 cxd4 4. Nxd4 Nf6 5. Nc3 a6 6. Bg5 e6 7. f4 Qb6 8. a3 Nc6 9. Nb3 Be7 {B97: Sicilian Najdorf: Poisoned Pawn} 10. Qd2 (10. Qf3 Qc7 11. O-O-O h6 12. Bh4 g5 13. e5 gxh4 14. exf6 Bxf6 15. Ne4 Be7 16. Qc3 Rg8 17. Nf6+ Bxf6 18. Qxf6 {½-½ (64) Yu,Y (2652)-Zhao,J (2580) Xinghua Jiangsu 2011}) 10... O-O 11. O-O-O Rd8 {White is slightly better.} 12. Bd3 h6 $146 ({Predecessor:} 12... Bd7 13. Kb1 Rac8 14. Qe1 Qc7 15. g4 Be8 16. Bxf6 Bxf6 {1-0 (30) Sjugirov,S (2444)-Stella,A (2120) Herceg Novi 2006}) 13. h4 (13. Bxf6 $5 Bxf6 14. Kb1 $11) 13... Bd7 14. Qe2 Kf8 (14... h5 $11 {remains equal.}) 15. e5 dxe5 16. fxe5 hxg5 17. exf6 Bxf6 18. hxg5 $1 Bxg5+ 19. Kb1 Qe3 20. Qh5 {[%mdl 1024] White has strong compensation.} Bh6 (20... Bf6 $16) 21. Rhf1 $1 $18 {[%csl Gf1][%cal Rh5f7]} Be8 22. Rde1 Qg5 {[#]} 23. Qh3 (23. Qh2 $1 $18) 23... Ne5 $16 24. Nc5 Kg8 {[#]} 25. Nxe6 $1 {[%mdl 512]} fxe6 26. Qxe6+ Nf7 $2 {[%mdl 8192]} (26... Bf7 $16 27. Qxe5 Qxe5 28. Rxe5 Re8 29. Rxe8+ Rxe8) 27. Bg6 $40 {[%mdl 128] Black is in trouble.} Kh8 28. Bxf7 Bxf7 29. Qxf7 Qxg2 {[#]} (29... a5 {might work better.} 30. Rh1 Rf8 31. Qxb7 Rab8) 30. Rg1 $1 $18 {[%cal Rg1g2]} Qd2 31. Rd1 (31. Rh1 $142 Rf8 32. Qxb7) 31... Qf4 32. Qxb7 Rdb8 (32... Qc4 {is a better defense.} 33. Rd6 Rxd6 34. Qxa8+ Kh7) 33. Qe4 Qf8 $2 (33... Qxe4 34. Nxe4 Rd8) 34. Rg6 Ra7 (34... Re8 $142 35. Qc6 Rec8) 35. Qd4 {Precision: White = 60%, Black = 38%.} 1-0

[Event "FIDE Moscow Grand Prix 2017"]
[Site "Moscow"]
[Date "2017.05.18"]
[Round "6"]
[White "Ding, Liren"]
[Black "Vachier-Lagrave, Maxime"]
[Result "1/2-1/2"]
[WhiteElo "2773"]
[BlackElo "2795"]
[Annotator "TA"]
[PlyCount "104"]
[EventDate "2017.??.??"]
[EventType "tourn"]
[EventCountry "RUS"]
[SourceTitle "playchess.com"]
[Source "ChessBase"]
[SourceQuality "1"]

{[%evp 17,104,0,12,0,15,6,12,6,21,24,26,28,21,19,19,20,9,9,7,8,0,0,64,62,70,54,56,13,22,18,68,62,62,35,103,12,167,176,162,190,165,163,175,73,73,73,73,72,73,70,79,29,29,29,39,39,56,56,127,31,31,31,31,22,22,22,29,0,0,8,0,0,2,2,2,0,0,0,0,0,0,0,0,0,0,0,0,0,0]} 1. c4 e5 2. g3 Nf6 3. Bg2 d5 4. cxd5 Nxd5 5. Nf3 Nc6 6. O-O Nb6 7. Nc3 Be7 8. a3 O-O 9. b4 Re8 10. e3 {A29: English Opening: Four Knights Variation with 4 g3} (10. b5 $5 {[%cal Rb5c6]} Nd4 11. Nxe5 $11) (10. d3 Bf8 11. Be3 Bg4 12. Bc5 Nd4 13. Nxd4 exd4 14. Ne4 c6 15. Bxf8 Rxf8 16. Nc5 Qe7 17. Re1 Nc8 18. Qd2 Rd8 19. Rac1 {½-½ (61) Dubov,D (2660)-Vachier Lagrave,M (2804) Doha 2016}) 10... a6 11. Qc2 Bg4 12. Ne4 $146 ({Predecessor:} 12. Bb2 Qd7 13. Rfc1 Bh3 14. Bh1 Bf5 15. Ne4 Qe6 16. d3 Bxe4 17. dxe4 Bd6 {½-½ (32) Tsenkov,L (2364)-Szczepankiewicz,D (2446) LSS email 2012}) 12... f5 13. Nc5 e4 14. Ne1 Be2 $1 15. d3 Bxf1 16. Kxf1 Bxc5 17. bxc5 Nd7 18. dxe4 fxe4 19. Bxe4 Qe7 (19... Nf6 $1 $11 20. Bg2 (20. Bxc6 bxc6 21. Bb2 Qe7 $15) 20... Kh8) 20. Bxh7+ $14 Kh8 21. Bg6 Rf8 22. Rb1 (22. Qe2 $5 {[%cal Re2h5]} Qg5 23. Bc2 $11) 22... Nxc5 23. Ng2 Rad8 24. Nf4 Ne6 25. Rxb7 Ne5 ({Better is} 25... Nxf4 $14 26. gxf4 (26. exf4 Qe6 $14) 26... Qd7) 26. Bb2 (26. Be4 $16) 26... Nf3 $2 (26... Nxf4 $1 $11 {and Black is okay.} 27. exf4 (27. gxf4 Nxg6 28. Qxg6 Rb8 $14) 27... Nxg6 28. Qxg6 (28. Rxc7 Rd7 $11) 28... Qd7) 27. Bh5 $18 Nxf4 28. gxf4 Rd2 29. Qc3 Nxh2+ 30. Kg1 (30. Ke1 $1 $18 Rxb2 31. Qxb2) 30... Rxf4 $16 {[#]} 31. Qxg7+ $1 {[%mdl 512]} Qxg7+ 32. Bxg7+ Kxg7 33. exf4 Kh6 34. Kxh2 (34. Be8 {feels hotter.} Nf3+ 35. Kg2 Rd3 36. a4 Ne1+ 37. Kh2) 34... Kxh5 35. Rxc7 {[%mdl 4096] Endgame KR-KR} Kg4 36. Kg2 Rd3 37. f3+ Kh5 {[#]} (37... Kf5 $1 $14) 38. a4 (38. Rc5+ $1 $16 Kh4 39. f5 Rd2+ 40. Kf1) 38... Rd4 $1 $14 39. Rc5+ Kh4 40. Kf2 {And now Rc6 would win.} (40. Ra5 {is interesting.} Rd2+ 41. Kf1 Kg3 42. Ke1 Rd6 43. Ke2) 40... Rxa4 41. Ke3 a5 42. Rg5 (42. Rc6 $5 {[%cal Rc6h6]} Kh5 43. Ra6 $14) 42... Ra3+ {The position is equal.} 43. Ke4 Ra4+ 44. Ke5 {Hoping for Rg4+.} Rb4 45. Rg4+ Kh5 $1 46. f5 Rb5+ 47. Ke6 {f6 is the strong threat.} Rb6+ 48. Ke7 Rb7+ 49. Ke6 Rb6+ 50. Kf7 Rb7+ 51. Kg8 (51. Ke6 $5 {[%cal Rf5f6]} Rb6+ $11) 51... Rb8+ 52. Kg7 {Threatens to win with f6.} Rb7+ {Precision: White = 44%, Black = 63%.} 1/2-1/2

[Event "FIDE Moscow Grand Prix 2017"]
[Site "Moscow"]
[Date "2017.05.18"]
[Round "6"]
[White "Grischuk, Alexander"]
[Black "Svidler, Peter"]
[Result "1/2-1/2"]
[WhiteElo "2750"]
[BlackElo "2755"]
[Annotator "TA"]
[PlyCount "29"]
[EventDate "2017.??.??"]
[EventType "tourn"]
[EventCountry "RUS"]
[SourceTitle "playchess.com"]
[Source "ChessBase"]
[SourceQuality "1"]

{[%evp 14,29,0,0,5,0,0,0,-1,-5,0,0,0,0,0,0,0,0]} 1. Nf3 Nf6 2. c4 c5 3. d4 cxd4 4. Nxd4 Nc6 {[%cal Bb8c6,Bc6e5,Be5c4][%mdl 32]} 5. Nc3 e6 6. g3 Qb6 7. Ndb5 Ne5 8. Bg2 {LiveBook: 122 Games. Threatening Be3.The position is equal.} a6 {A33: Symmetrical English: 2 Nf3 Nf6 3 d4 cxd4 4 Nxd4 e6 5 Nc3 Nc6} 9. Na3 (9. Qa4 Bc5 10. O-O O-O 11. b4 axb5 12. Qxa8 Bxb4 13. Nxb5 Nxc4 14. Qa4 Qa5 15. Qxa5 Bxa5 16. Rd1 d5 17. Na3 {1-0 (34) Matlakov,M (2694)-Vachier Lagrave,M (2804) Doha 2016}) 9... Bxa3 10. bxa3 Nxc4 11. O-O Qc5 12. Na4 Qb5 13. Nc3 Qc5 $146 ({Predecessor:} 13... Qe5 14. Qd3 Qc5 15. Na4 Qb5 16. Nc3 Qc5 17. Na4 Qb5 18. Nc3 Qc5 {½-½ (18) Schulz,J (2415)-Brueske,T (2339) Remote email 2014}) 14. Na4 Qb5 15. Nc3 1/2-1/2